The UK commercial property lending report 2000 (Record no. 101462)

MARC details
000 -LEADER
fixed length control field 01040cam a2200325 4500
001 - CONTROL NUMBER
control field
008 - FIXED-LENGTH DATA ELEMENTS--GENERAL INFORMATION
fixed length control field 000000n2001 000 0 eng u
020 ## - INTERNATIONAL STANDARD BOOK NUMBER
International Standard Book Number 1857213289
035 ## - SYSTEM CONTROL NUMBER
System control number (Sirsi) u112698
050 ## - LIBRARY OF CONGRESS CALL NUMBER
Classification number 332.6324
100 ## - MAIN ENTRY--PERSONAL NAME
Personal name Maxted, Bill
110 ## - MAIN ENTRY--CORPORATE NAME
Corporate name or jurisdiction name as entry element De Montfort University
9 (RLIN) 2410
245 #4 - TITLE STATEMENT
Title The UK commercial property lending report 2000
260 ## - PUBLICATION, DISTRIBUTION, ETC.
Place of publication, distribution, etc. Leicester
Name of publisher, distributor, etc. De Montfort University
Date of publication, distribution, etc. 2001
300 ## - PHYSICAL DESCRIPTION
Extent 2v.
Dimensions 30cm.
350 ## - PRICE (NR) (BK AM CF MU VM SE) [OBSOLETE]
Price 95.00
490 ## - SERIES STATEMENT
Series statement De Montfort University UK Commercial Property Lending Market
Volume/sequential designation 2000
520 ## - SUMMARY, ETC.
Summary, etc. Published in two parts - Research findings and Technical supplement : analysis of lending terms.
650 ## - SUBJECT ADDED ENTRY--TOPICAL TERM
Topical term or geographic name entry element PROPERTY MARKET
650 ## - SUBJECT ADDED ENTRY--TOPICAL TERM
Topical term or geographic name entry element LENDING
650 ## - SUBJECT ADDED ENTRY--TOPICAL TERM
Topical term or geographic name entry element PROPERTY INVESTMENT
650 ## - SUBJECT ADDED ENTRY--TOPICAL TERM
Topical term or geographic name entry element BANKS
650 ## - SUBJECT ADDED ENTRY--TOPICAL TERM
Topical term or geographic name entry element BUILDING SOCIETIES
650 ## - SUBJECT ADDED ENTRY--TOPICAL TERM
Topical term or geographic name entry element INTEREST RATE MARGINS
650 ## - SUBJECT ADDED ENTRY--TOPICAL TERM
Topical term or geographic name entry element LOAN TO VALUE RATIOS
650 ## - SUBJECT ADDED ENTRY--TOPICAL TERM
Topical term or geographic name entry element PROPERTY FINANCE
690 ## - LOCAL SUBJECT ADDED ENTRY--TOPICAL TERM (OCLC, RLIN)
Topical term or geographic name as entry element PROPERTY-COMMERCIAL PROPERTY-COMMERCIAL PROPERTY FINANCE AND INVESTMENT
700 ## - ADDED ENTRY--PERSONAL NAME
Personal name Hancock, Mike
942 ## - ADDED ENTRY ELEMENTS (KOHA)
Suppress in OPAC 0
Holdings
Withdrawn status Lost status Source of classification or shelving scheme Damaged status Not for loan Home library Current library Shelving location Date acquired Cost, normal purchase price Total Checkouts Full call number Barcode Date last seen Date last checked out Copy number Cost, replacement price Price effective from Koha item type
    Dewey Decimal Classification     London London Basement 29/05/2001 95.00 3 SHELF 302 30064318 06/08/2019 29/10/2001 1 95.00 06/08/2019 Reference material
    Dewey Decimal Classification     London London Basement 24/07/2002     SHELF 302 30066308 06/08/2019   2   06/08/2019 Reference material